| 000 -LEADER |
| fixed length control field |
02350cam a2200421 a 4500 |
| 001 - CONTROL NUMBER |
| control field |
15011956 |
| 005 - DATE AND TIME OF LATEST TRANSACTION |
| control field |
20170105102849.0 |
| 008 - FIXED-LENGTH DATA ELEMENTS--GENERAL INFORMATION |
| fixed length control field |
070918s2007 enka b 001 0 eng |
| 010 ## - LIBRARY OF CONGRESS CONTROL NUMBER |
| LC control number |
2007038450 |
| 015 ## - NATIONAL BIBLIOGRAPHY NUMBER |
| National bibliography number |
GBA761501 |
| Source |
bnb |
| 016 7# - NATIONAL BIBLIOGRAPHIC AGENCY CONTROL NUMBER |
| Record control number |
013810672 |
| Source |
Uk |
| 020 ## - INTERNATIONAL STANDARD BOOK NUMBER |
| International Standard Book Number |
9780230002319 (alk. paper) |
| 020 ## - INTERNATIONAL STANDARD BOOK NUMBER |
| International Standard Book Number |
0230002315 (alk. paper) |
| 035 ## - SYSTEM CONTROL NUMBER |
| System control number |
(OCoLC)ocn173509290 |
| 040 ## - CATALOGING SOURCE |
| Original cataloging agency |
DLC |
| Transcribing agency |
DLC |
| Modifying agency |
BAKER |
| -- |
C#P |
| -- |
OCLCA |
| -- |
YDXCP |
| -- |
BTCTA |
| -- |
EUM |
| -- |
UKM |
| -- |
LGG |
| -- |
DLC |
| 050 00 - LIBRARY OF CONGRESS CALL NUMBER |
| Classification number |
HV6431 |
| Item number |
.H68 2007 |
| 082 00 - DEWEY DECIMAL CLASSIFICATION NUMBER |
| Classification number |
070.449363325 |
| Edition number |
22 |
| 100 1# - MAIN ENTRY--PERSONAL NAME |
| Personal name |
Hoskins, Andrew, |
| Dates associated with a name |
1967- |
| 245 10 - TITLE STATEMENT |
| Title |
Television and terror : |
| Remainder of title |
conflicting times and the crisis of news discourse / |
| Statement of responsibility, etc. |
Andrew Hoskins and Ben O'Loughlin. |
| 260 ## - PUBLICATION, DISTRIBUTION, ETC. |
| Place of publication, distribution, etc. |
Basingstoke ; |
| -- |
New York : |
| Name of publisher, distributor, etc. |
Palgrave Macmillan, |
| Date of publication, distribution, etc. |
2007. |
| 300 ## - PHYSICAL DESCRIPTION |
| Extent |
x, 217 p. : |
| Other physical details |
ill. ; |
| Dimensions |
23 cm. |
| 490 1# - SERIES STATEMENT |
| Series statement |
New security challenges series |
| 504 ## - BIBLIOGRAPHY, ETC. NOTE |
| Bibliography, etc. note |
Includes bibliographical references (p. 201-211) and index. |
| 505 0# - FORMATTED CONTENTS NOTE |
| Formatted contents note |
Television and time -- Hurricane Katrina and the failure of the 'CNN effect' -- Talking terror : political discourses and the 2003 Iraq war -- Television's quagmire : the misremembered and the unforgotten -- The distant body -- Drama and documentary : the power of nightmares -- Security and publics : democratic times? -- The irresolution of television. |
| 520 ## - SUMMARY, ETC. |
| Summary, etc. |
In this book, Hoskins and O'Loughlin demonstrate that television, tarnished by its economy of liveness and its default impositions of immediacy, brevity and simultaneity, fails to deliver a critical and consistent exposition adequate to our conflicting times. |
| 650 #0 - SUBJECT ADDED ENTRY--TOPICAL TERM |
| Topical term or geographic name entry element |
Terrorism |
| General subdivision |
Press coverage. |
| 650 #0 - SUBJECT ADDED ENTRY--TOPICAL TERM |
| Topical term or geographic name entry element |
Television broadcasting of news. |
| 650 #0 - SUBJECT ADDED ENTRY--TOPICAL TERM |
| Topical term or geographic name entry element |
Journalism |
| General subdivision |
Objectivity. |
| 650 #0 - SUBJECT ADDED ENTRY--TOPICAL TERM |
| Topical term or geographic name entry element |
National security. |
| 700 1# - ADDED ENTRY--PERSONAL NAME |
| Personal name |
O'Loughlin, Ben, |
| Dates associated with a name |
1976- |
| 830 #0 - SERIES ADDED ENTRY--UNIFORM TITLE |
| Uniform title |
New security challenges series. |
| 856 42 - ELECTRONIC LOCATION AND ACCESS |
| Materials specified |
Contributor biographical information |
| Uniform Resource Identifier |
<a href="http://catdir.loc.gov/catdir/enhancements/fy0801/2007038450-b.html">http://catdir.loc.gov/catdir/enhancements/fy0801/2007038450-b.html</a> |
| 856 42 - ELECTRONIC LOCATION AND ACCESS |
| Materials specified |
Publisher description |
| Uniform Resource Identifier |
<a href="http://catdir.loc.gov/catdir/enhancements/fy0801/2007038450-d.html">http://catdir.loc.gov/catdir/enhancements/fy0801/2007038450-d.html</a> |
| 856 41 - ELECTRONIC LOCATION AND ACCESS |
| Materials specified |
Table of contents only |
| Uniform Resource Identifier |
<a href="http://catdir.loc.gov/catdir/enhancements/fy0801/2007038450-t.html">http://catdir.loc.gov/catdir/enhancements/fy0801/2007038450-t.html</a> |
| 906 ## - LOCAL DATA ELEMENT F, LDF (RLIN) |
| a |
7 |
| b |
cbc |
| c |
orignew |
| d |
1 |
| e |
ecip |
| f |
20 |
| g |
y-gencatlg |
| 942 ## - ADDED ENTRY ELEMENTS (KOHA) |
| Source of classification or shelving scheme |
|
| Koha item type |
Book |